01931nam a2200301Ia 4500952011300000952010100113999001700214005001700231008004100248020001800289050002000307100002900327245006600356250001800422260004000440300003000480500003000510500006000540504003300600505068600633519008901319519009101408650002901499650003101528650003001559700002801589942001201617 00102lcc4070a25b25d2009-10-15l1oTH145 S33 1997p06 000770r2019-06-12s2019-06-12t1w2012-06-26yLB 00102lcc4070a20b20d2019-07-11l0oTH145 S34 2004p20 000621r2025-03-05t1w2019-07-11yLB c65343d6534320231102150859.0120626s1997 mx 000 0 spa d a9788425217296 aTH145bS34 2004 aSchmitt, Heinricheautor aTratado de construcciónc / Heinrich Schmitt, Andreas Heene a7a. edición aBarcelonab : Gustavo Gilic , 2004 axxiv, 744 páginasb: il aReimpresión 2004, 2006  aIncluye: índice de contenido Prólogo Introducción aBibliografía (pp. 736-737) aCimentación. Suelos. Excavaciones para cimientos. Clases de cimentaciones. Protección de los edificios. Protección contra la humedad. Materiales de impermeabilización. Protección térmica Regulación del clima ambiente. Protección solar. Protección contra incendios. Protección contra rayos. Protección acústica. Aislamiento acústico. Absorción acústica. Paredes. Paredes de obra de fábrica. Obra de fábrica de piedra natural. Obra de fábrica de ladrillos cerámicos. Obra de fábrica de ladrillos aglomerados. Paredes de hormigón. Forjados. Escaleras. Balcones y galerías. Estructuras. Cubiertas. Chimeneas e instalaciones de calefacción. aPlan Flexible /bArquitectura /cProceso de construcción II (P18-2) /d(06 000770) aPlan Flexible / bArquitectura / cProcesos de construcción II (P18) / d(20 000621) aCONSTRUCCIÓNxMANUALES 0aMATERIALES DE CONSTRUCCION 0aDISEÑO ARQUITECTÓNICO aHeene, Andreasecouator cLB2lcc